000 00896nam a22002297a 4500
003 UA-OsUOA
001 72021
007 ta
008 20101217b un ||||| |||| 00| 0 ukr d
100 _aСтечкин И. В.
700 _aОлеринская Д.А.
090 _a659
_bС79
942 _cSA
040 _aUA-OsUOA
_brus
_cUA-OsUOA
_dUA-OsUOA
245 _aНовые информационно-коммуникационные технологии в школьном медиаобразовании
300 _aС.67-81
955 _a0
041 _arus
080 _a659
773 0 _w72018
_tВестник Московского университета. Серия 10. Журналистика
_dМ.
_d2010
_g4
650 7 _a659 Реклама. Система інформації. Громадська інформація та реклама (Паблик-Рилейшнз)
_2UDC
999 _c358265
_d358265